000
00277nam a22001217a 4500
082
_a
894.812
_b
GIR/K
100
_a
C.P.GIREESHKUMAR
245
_a
KAUMAARAM
260
_a
THIRUVANANTHUPURAM
_b
PREMIER COLLEGE
_c
1998
300
_a
64
650
_a
BOOKI ON YOUTHS
_z
KERALA
942
_c
BK
999
_c
983
_d
983